000 00384nam a22001457a 4500
003 OSt
005 20160727222343.0
008 160620b xxu||||| |||| 00| 0 eng d
040 _cTEST
100 _9155
_aSingh, L., et al
245 _aScience For Ninth Class. Chemistry
260 _aN.D
_bS.Chand and comp.ltd.
_c2000
300 _aScience For Ninth Class. Chemistry
942 _2ddc
_cBK
999 _c126
_d126